000 00852cab a2200241 4500
001 ABS42644
008 090401t1990 xxu||||| |||| 00| 0 eng d
035 _a(Sirsi) u38060
041 _aeng
110 _aAnthony Williams and Partners
_93
245 _aMagistrates` courts, Bath
260 _c1990
350 _a0
490 _aBuilding
_v255(7647) 11 May 1990, 55-62(8)
520 _aA Building Dossier on magistrates`courts in Bath which combine the conversion of a redundant convent with sympathetic new buildings. Includes architects` and client`s reports, cost analysis and commentary and specification notes.
650 _aBUILT ENVIRONMENT-BUILDING COSTS
650 _aBUILDING PROJECTS
650 _aCOURTS
650 _aREDUNDANT BUILDINGS
690 _aBUILDING AND CONSTRUCTION-PROJECTS
942 _n0
948 _c04/03/1997
999 _c24458
_d24458